000 00942nam a2200229 4500
001 113249
003 ES-MaACL
005 20250905123715.0
007 t|
008 061121s1929 sp r ||||1| spa d
100 1 _aNussbaum, Arthur.
_986245
245 1 0 _aTratado de Derecho Hipotecario alemán
_b: con una introducción sobre los principios generales del registro inmobiliario /
_cArthur Nussbaum ; traducido de la segunda edición alemana y prólogo por W. Roces ; preliminar por Rafael Atard.
250 _a1ª ed.
260 _aMadrid :
_b[s. n.],
_c1929 (
_fImp. Helénica)
300 _aXL, 380 p. ;
_c23 x 15 cm.
490 1 _aBiblioteca de la revista de derecho privado. Serie B ;
_v9
700 1 _aRoces, Wenceslao,
_d1897-1992
_998039
700 1 _aAtard y González, Rafael.
_923721
830 0 0 _aBiblioteca de la Revista de derecho privado
_v9
_9182876
852 _aES-MaACL
_jB-538
999 _c113249
_d113249